000 00981nas a2200325 4500
001 BR0002425
003 BR-BrBNA
005 20231205101834.0
007 ta
008 230509b bl.|||p| |||| 00| 00por d
040 _aBR-BrBNA
_bpor
_cBiblioteca Nacional de Agricultura
041 _a(Pt)
072 _aF04
100 1 _aScheffer-Basso, S.M.
100 1 _aAgnol, M.D.
100 1 _aCaetano, J.H.S.
100 1 _aJacques, A.V.A.
245 1 _aCrescimento de plantulas de Adesmia spp. submetidas a doses de aluminio em solucao nutritiva
650 _aLeguminosa Forrageira
650 _aSolucao Nutritiva
650 _aPlantula
650 _aAluminio
650 _aCalagem
650 _aResistencia a Produtos Quimicos
650 _aResposta da Planta
650 _aRio Grande do Sul
773 0 _tCiencia Rural (Brazil)
_xISSN 0103-8478
_g(Mar-Apr 2000), v. 30(2) p. 217-222
_wBR0002425
909 _a202311
_bLúcia
_c55
_dLúcia Elande
942 _2AGRIS
_n0
_cANA
999 _c164247
_d164247